Josep Tarradellas, o, La reivindicació de la memòria : (1899-1988) / [comissariat: Jordi Casassas] (1899-1988) / [comissariat:
ISBN:
84-9779-007-3
Descripción Física:
290 p., [28] p. de làm. : il., fot ; 24 cm
Colección:
Guimet ; 67
Otros Autores:
Casassas, Jordi, 1948-
MARC
| LEADER | 00000nam a2200000Ia 4500 | ||
|---|---|---|---|
| 001 | 15200 | ||
| 008 | 160829s2003 xx 000 0 cat d | ||
| 020 | |a 84-9779-007-3 ( Pagès) ; 84-7794-921-2 (Diputació de Barcelona) | ||
| 080 | |a H-2-207 | ||
| 245 | |a Josep Tarradellas, o, La reivindicació de la memòria : |b (1899-1988) / [comissariat: |b Jordi Casassas] | ||
| 260 | |a Lleida : |b Pagès ; Barcelona : |b Diputació de Barcelona, |c 2003 | ||
| 300 | |a 290 p., [28] p. de làm. : |b il., fot ; |c 24 cm | ||
| 490 | |a Guimet ; 67 | ||
| 590 | |a Notes, referències bibliogràfiques. | ||
| 590 | |a Cronologia. | ||
| 590 | |a Bibliografia. | ||
| 590 | |a Llibre editat amb motiu de l'exposició: 1899-1988 Tarradellas o la reivindicació de la memòria, al CCCB del 10 d'abril al 25 de maig de 2003 | ||
| 600 | 0 | |a Tarradellas, Josep, |d 1899-1988 |9 25479 | |
| 651 | 0 | |a Catalunya |x Política i govern |y 1975-1980, Transició |9 53734 | |
| 700 | |a Casassas, Jordi, |d 1948- |9 50016 | ||
| 710 | 1 | |a Barcelona (Catalunya : Província). |b Diputació |9 52408 | |
| 901 | |a Arxiu | ||
| 942 | |n 1 | ||
| 952 | |0 0 |1 0 |4 0 |6 H2207 |7 1 |9 46895 |a Arxiu |b Arxiu |d 2016-12-01 |l 0 |o H-2-207 |p 15200 |r 2016-12-01 00:00:00 |w 2016-12-01 |y ARXIU | ||
| 999 | |c 50688 |d 50688 | ||